History Quiz

Random History or Sporcle Quiz

30 Second SPORCLE Blitz: Presidential Names Quiz Stats

 Plays Quiz Updated Feb 10, 2017

Challenge
Share
Tweet
Embed
Score 0/7 Timer 00:30
2 Plays Today
Letter Presidential Name % Correct
RRonald
84.7%
CClinton
83.5%
OObama
79.5%
LLyndon
70.2%
PPierce
67.7%
EEisenhower
64.7%
SS.
56.4%

You're not logged in!

Compare scores with friends on all Sporcle quizzes.
Join for Free
OR
Log In

You Might Also Like...

Show Comments

Extras

Top Quizzes Today


Score Distribution

Your Account Isn't Verified!

In order to create a playlist on Sporcle, you need to verify the email address you used during registration. Go to your Sporcle Settings to finish the process.

Report this User

Report this user for behavior that violates our Community Guidelines.

Details: